Co dělat, aby vaše inzeráty měli lidé rádi

Zmeny v personálnych inzerátoch v súčasnosti. Využívanie pravidiel marketingovej komunikácie. Štylizácia inzerátu s ohľadom na cieľové skupiny. Pôsobenie na emócie. Porovnanie personálnych inzerátov dvoch vybraných bánk.

Guardado en:
Detalles Bibliográficos
Autor principal: Choleva, Hynek
Formato: Capítulo de libro
Lenguaje:checo
Materias:
Etiquetas: Agregar Etiqueta
Sin Etiquetas, Sea el primero en etiquetar este registro!

MARC

LEADER 00000naa a2200000 4500
001 0250684
005 20190205092326.1
041 0 |a cze 
044 |a CZ 
245 1 0 |a Co dělat, aby vaše inzeráty měli lidé rádi  |c Hynek Choleva 
520 |a Zmeny v personálnych inzerátoch v súčasnosti. Využívanie pravidiel marketingovej komunikácie. Štylizácia inzerátu s ohľadom na cieľové skupiny. Pôsobenie na emócie. Porovnanie personálnych inzerátov dvoch vybraných bánk. 
610 2 0 |a nábor pracovníkov 
610 2 0 |a práca personálna 
610 2 0 |a inzercia 
610 2 0 |a marketing 
610 2 0 |a komunikácia marketingová 
610 2 0 |a skupiny cieľové 
610 2 0 |a emócie 
610 2 0 |a motivácia 
100 1 |a Choleva, Hynek